000 00721nam a2200229 a 4500
005 20210219153146.0
008 991125n 000 0 u
035 _aUPN01000081083
100 _aGreenberg, Polly
222 _aYOUNG CHILDREN
245 _aHead start - part of a multi-pronged anti-poverty effort for children and their families...before the beginning : a participant's view
300 _a40-52
362 _a45, No. 6, 1990
505 _aFebrero 1991
653 0 _aEDUCACION COMPENSATORIA
653 0 _aEDUCACION DE LA PRIMERA INFANCIA
653 0 _aPARTICIPACION DE LOS PADRES
653 0 _aSERVICIOS DE SALUD
653 0 _aSERVICIOS SOCIALES
904 _aAC
_b018894
905 _aArticulo
999 _c69747
_d69747